| 000 | 00559nam a2200181Ia 4500 | ||
|---|---|---|---|
| 003 | OSt | ||
| 005 | 20191226105636.0 | ||
| 008 | 190216s9999||||xx |||||||||||||| ||und|| | ||
| 020 | _a9788131505663 | ||
| 040 | _coclc | ||
| 082 |
_a330.015195 _bBAL/I |
||
| 100 |
_aBaldani _9769 |
||
| 245 | 0 |
_aIntroduction To Mathematical Economics / _cBaldani ; Bradfield ; Turner |
|
| 260 |
_bSouth Western Cengage Publishers, _aNew Delhi: _c2008. |
||
| 300 | _a531p | ||
| 650 | _aEconomics | ||
| 942 |
_cBK _2ddc _h330.015195 _iBAL/I _k330.015195 _mBAL/I |
||
| 999 |
_c11023 _d11023 |
||